000 00377nam a2200157Ia 4500
999 _c2349
_d2349
003 OSt
005 20191003104538.0
008 190802s9999 xx 000 0 und d
020 _a978-0078024054
040 _cmaju
100 _aDonald J.Bowersox
245 0 _aSupply Chain Logistics Management
260 _aNew Delhi
_bApress
_c2017
300 _a497:P
942 _cBK
_2ddc